Southville International School and Colleges
Your cart is empty.
  • Cart
  • Lists
    Public lists Eva Luna New books Lux_list list_1
    Your lists Log in to create your own lists
  • Log in to your account
  • Your cookies
  • Search history
Southville International School and Colleges
  • Advanced search
  • Recent comments
  • Most popular
  • Libraries

Log in to your account

Log in with GOOGLE


If you do not have an external account, but do have a local account, you can still log in:

  1. Home
  2. MARC view: Quick-and-easy learning centers :
Normal view MARC view ISBD view

Quick-and-easy learning centers : (Record no. 42384)

[ view plain ]
MARC details
000 -LEADER
fixed length control field 00484nam a22001697a 4500
003 - CONTROL NUMBER IDENTIFIER
control field OSt
005 - DATE AND TIME OF LATEST TRANSACTION
control field 20140311163156.0
008 - FIXED-LENGTH DATA ELEMENTS--GENERAL INFORMATION
fixed length control field 140226t xxu||||| |||| 00| 0 eng d
020 ## - INTERNATIONAL STANDARD BOOK NUMBER
International Standard Book Number 0590535552
050 ## - LIBRARY OF CONGRESS CALL NUMBER
Classification number QA 135.5
Item number .K16 1995
100 ## - MAIN ENTRY--PERSONAL NAME
Personal name Kanter, Patsy
9 (RLIN) 30651
245 ## - TITLE STATEMENT
Title Quick-and-easy learning centers :
Remainder of title Math /
Statement of responsibility, etc Patsy Kanter.
260 ## - PUBLICATION, DISTRIBUTION, ETC. (IMPRINT)
Place of publication, distribution, etc New York :
Name of publisher, distributor, etc Scholastic Professional Books,
Date of publication, distribution, etc 1995.
300 ## - PHYSICAL DESCRIPTION
Extent 48 p. :
Other physical details ill. ;
Dimensions 28 cm.
942 ## - ADDED ENTRY ELEMENTS (KOHA)
Source of classification or shelving scheme Library of Congress Classification
Koha item type
Holdings
Withdrawn status Lost status Source of classification or shelving scheme Damaged status Home library Current library Shelving location Date acquired Total Checkouts Full call number Barcode Date last seen Copy number Price effective from Koha item type
    Library of Congress Classification   Luxembourg Library Luxembourg Library Teachers Reference Section 02/26/2014   QA 135.5 .K16 1995 7864 02/26/2014 1 02/26/2014 Books

Quick-and-easy learning centers :

APA

Kanter P., . (1995). Quick-and-easy learning centers. New York: Scholastic Professional Books.

Chicago

Kanter Patsy, . 1995. Quick-and-easy learning centers. New York: Scholastic Professional Books.

Harvard

Kanter P., . (1995). Quick-and-easy learning centers. New York: Scholastic Professional Books.

MLA

Kanter Patsy, . Quick-and-easy learning centers. New York: Scholastic Professional Books. 1995.

  • Place hold
  • Print
  • Cite
  • Add to your cart (remove)
  • Save record
    BIBTEX Dublin Core MARCXML MARC (non-Unicode/MARC-8) MARC (Unicode/UTF-8) MARC (Unicode/UTF-8, Standard) MODS (XML) RIS
  • More searches
    Search for this title in:
    Other Libraries (WorldCat) Other Databases (Google Scholar) Online Stores (Bookfinder.com) Open Library (openlibrary.org)

Exporting to Dublin Core...

SOUTHVILLE LIBRARY

Southville International School and Colleges Library

1281 Tropical Ave. Cor. Luxembourg St., BF Homes International, Las Pinas City

Tel. No. 8256374 / 252358 Loc. 117/146

Powered by Koha